The dark side : (Record no. 10076)

MARC details
000 -LEADER
fixed length control field 00496nam a2200169 4500
001 - CONTROL NUMBER
control field 7915
005 - DATE AND TIME OF LATEST TRANSACTION
control field 20241107141131.0
008 - FIXED-LENGTH DATA ELEMENTS--GENERAL INFORMATION
fixed length control field 241107b |||||||| |||| 00| 0 eng d
020 ## - INTERNATIONAL STANDARD BOOK NUMBER
International Standard Book Number 9780307456298
090 00 - LOCALLY ASSIGNED LC-TYPE CALL NUMBER (OCLC); LOCAL CALL NUMBER (RLIN)
Classification number (OCLC) (R) ; Classification number, CALL (RLIN) (NR) 895.1
100 00 - MAIN ENTRY--PERSONAL NAME
Personal name Mayer, Jane.
245 00 - TITLE STATEMENT
Title The dark side :
Remainder of title the inside story of how the war on terror turned into a war on American ideals /
260 00 - PUBLICATION, DISTRIBUTION, ETC.
Place of publication, distribution, etc. New York ;
Name of publisher, distributor, etc. Anchor Books,
Date of publication, distribution, etc. 2009.
300 00 - PHYSICAL DESCRIPTION
Extent 391 p.
Other physical details ill. ;
Dimensions 26 cm.
650 00 - SUBJECT ADDED ENTRY--TOPICAL TERM
Topical term or geographic name entry element Bhutan --Fiction.
942 ## - ADDED ENTRY ELEMENTS (KOHA)
Source of classification or shelving scheme Dewey Decimal Classification
Koha item type Fiction
Holdings
Withdrawn status Lost status Source of classification or shelving scheme Damaged status Not for loan Collection code Home library Current library Shelving location Date acquired Inventory number Total Checkouts Full call number Barcode Date last seen Price effective from Koha item type Public note
    Dewey Decimal Classification     Fiction RTC Library RTC Library Fiction 07/11/2024 18982   895.1 30020106 16/12/2024 07/11/2024 Fiction Donated by Dr. Dolkar.
Royal Thimphu College || All Right Reserved